000 01154cam a2200301 4500
001 B1170
008 090401t1986 xxu||||| |||| 00| 0 eng d
035 _a(Sirsi) u42962
041 _aeng
050 _a690.241
090 _aRICS 1986/71 ABC
110 _aRoyal Institution of Chartered Surveyors
_94900
245 4 _aThe repair and maintenance of historic buildings II: high street conservation. Conference at National History Museum 14 May 1986
260 _c1986
300 _a2 papers
350 _a0
520 _aBuilding Surveyors Division. Papers by Hodges,D.W.H. and Warren,D.W. Papers: Care and maintenance of a stone city (Edinburgh New Town); Decay from the top down: the plight of upper floor accommodation. For Part I of conference of this title see 1985/67A
650 _aCONSERVATION
650 _aEDINBURGH
650 _aEMPTY PROPERTY
650 _aHISTORIC BUILDINGS
650 _aREPAIRS
650 _aPROPERTY-RESIDENTIAL PROPERTY-RESIDENTIAL LANDLORD AND TENANT-RESIDENTIAL TENANCIES
650 _aBUILT ENVIRONMENT-BUILDING MATERIALS-STONE
650 _aUPPER FLOORS
942 _n0
948 _c04/03/1997
999 _c91217
_d91217